Les forces de police dans l'Union Européenne

Guardado en:  
Detalles Bibliográficos
Autor principal: Meyzonnier, Patrice 1960- (Autor)
Tipo de documento: Print Libro
Lenguaje:Francés
Publicado: Paris L'Harmattan 1994
En:Año: 1994
Disponibilidad en Tübingen:Disponible en Tübingen.
UB: KB 19 A 1867
Verificar disponibilidad: HBZ Gateway
Servicio de pedido Subito: Pedir ahora.
Palabras clave:

MARC

LEADER 00000cam a2200000 c 4500
001 1623032911
003 DE-627
005 20251225202624.0
007 tu
008 940630s1994 xx ||||| 00| ||fre c
020 |a 2738420842  |9 2-7384-2084-2 
035 |a (DE-627)1623032911 
035 |a (DE-576)039794423 
035 |a (DE-599)BSZ039794423 
035 |a (OCoLC)31010792 
035 |a (DE-615)00729993 
040 |a DE-627  |b ger  |c DE-627  |e rakwb 
041 |a fre 
082 0 |a 351.74 
084 |a RA01.01  |2 fivr 
084 |a SF06  |2 fivs 
100 1 |8 1\p  |a Meyzonnier, Patrice  |d 1960-  |0 (DE-588)135716721  |0 (DE-627)693713755  |0 (DE-576)300605234  |4 aut 
109 |a Meyzonnier, Patrice 1960- 
245 1 4 |a Les forces de police dans l'Union Européenne  |c Patrice Meyzonnier 
264 1 |a Paris  |b L'Harmattan  |c 1994 
300 |a 365 S.  |b graph. Darst. 
336 |a Text  |b txt  |2 rdacontent 
337 |a ohne Hilfsmittel zu benutzen  |b n  |2 rdamedia 
338 |a Band  |b nc  |2 rdacarrier 
610 2 7 |0 (DE-588)5098525-5  |0 (DE-627)132918269  |0 (DE-576)194702391  |a Europäische Union  |2 gnd 
650 0 7 |0 (DE-588)4170174-4  |0 (DE-627)104500085  |0 (DE-576)209928123  |a Mitgliedsstaaten  |2 gnd 
650 0 7 |0 (DE-588)4120509-1  |0 (DE-627)104262591  |0 (DE-576)209535695  |a Internationaler Vergleich  |2 gnd 
650 0 7 |0 (DE-588)7633552-5  |0 (DE-627)585345430  |0 (DE-576)288122380  |a Behörden und Organisationen mit Sicherheitsaufgaben  |2 gnd 
650 0 7 |0 (DE-588)4127888-4  |0 (DE-627)105721344  |0 (DE-576)209597410  |a Innere Sicherheit  |2 gnd 
650 0 7 |0 (DE-588)4046595-0  |0 (DE-627)106197525  |0 (DE-576)209070196  |a Polizei  |2 gnd 
883 |8 1\p  |a cgwrk  |d 20241001  |q DE-101  |u https://d-nb.info/provenance/plan#cgwrk 
936 f i |0 (DE-627)1756131406  |a RA01.01  |b EU/EG sowie Mitgliedsländer  |k Europa  |k Europäische Organisationen  |k EU/EG sowie Mitgliedsländer  |2 fivr 
936 f i |0 (DE-627)1756135819  |a SF06  |b Innere Sicherheit/Innerstaatlicher Konflikt  |k Staat  |k Innere Sicherheit/Innerstaatlicher Konflikt  |2 fivs 
938 1 0 |0 (DE-627)1756211787  |0 (DE-615)6600218  |a EU-/EG-Länder  |2 fivt 
938 1 0 |0 (DE-627)1756241317  |0 (DE-615)6607892  |a Internationaler Vergleich/Ländervergleich  |2 fivt 
938 1 0 |0 (DE-627)1756157944  |0 (DE-615)6604863  |a Sicherheitsorgane  |2 fivt 
938 1 0 |0 (DE-627)1756145407  |0 (DE-615)6603626  |a Innere Sicherheit  |2 fivt 
938 1 0 |0 (DE-627)1756154864  |0 (DE-615)6607336  |a Polizei  |2 fivt 
938 1 1 |0 (DE-627)1756190704  |0 (DE-615)6607505  |a Geschichtlicher Überblick  |2 fiva 
938 1 1 |0 (DE-627)1756239797  |0 (DE-615)6605709  |a Zuständigkeit  |2 fiva 
938 1 1 |0 (DE-627)1756167915  |0 (DE-615)6605284  |a Rechtsform  |2 fiva 
938 1 1 |0 (DE-627)1756237093  |0 (DE-615)6608627  |a Handlungsspielraum von Institutionen/Organisationen  |2 fiva 
938 1 1 |0 (DE-627)1756167524  |0 (DE-615)6604717  |a Innere Organisation von Institutionen/Organisationen  |2 fiva 
938 1 1 |0 (DE-627)1756226725  |0 (DE-615)6606039  |a Allgemeine Rechtsgrundsätze  |2 fiva 
951 |a BO 
ELC |b 1 
LOK |0 000 xxxxxcx a22 zn 4500 
LOK |0 001 3248766859 
LOK |0 003 DE-627 
LOK |0 004 1623032911 
LOK |0 005 19960129000000 
LOK |0 008 940630||||||||||||||||ger||||||| 
LOK |0 040   |a DE-21  |c DE-627  |d DE-21 
LOK |0 852   |a DE-21 
LOK |0 852 1  |c KB 19 A 1867  |9 00 
LOK |0 935   |a krim 
LOK |0 936ln  |a k4.5.1.1 
LOK |0 939   |a 30-06-94  |b l01 
ORI |a SA-MARC-krimdoka001.raw 
SIG |a UB: KB 19 A 1867